00723nam a2200169 a 450000100100000000500170001000800410002704000250006810000320009324501080012526000760023330000200030970000340032904900090036395201640037299900170053600003341820200930070238.0110829s1953 dr a 000 0 spa d aDO-SdBNPbspacBNPHU1 aBenton, Frederick L.95444110aThe last resting place of Christopher Columbus /cFrederick L. Benton ; Edited by George A. Lockward S. aCiudad Trujillo, República Dominicana :bImpresora Dominicana,c1953. a93 p. ;c24 cm.1 aLockward S., George A.958978 aBNPD 001050718RVaPDbPDcCTd2011-08-29iLF1l0o p33418-10r2020-06-25w2020-06-25y1zPerteneció a la biblioteca personal de Martínez BoogZNo se presta c32909d32909